000
00339nam a2200145Ia 4500
008
150201s2014 xx 000 0 und d
082
_a
617.3
_b
E14M
100
_a
MAHESHWARI, J.
245
_a
ESSENTIALS ORTHOPEADICS
250
_a
4TH
260
_b
JAYPEE
_a
DELHI
_c
2014
300
_a
1-374
650
_a
ORTHOPEDICS
942
_2
ddc
_c
BK
_0
32
999
_c
1797
_d
1797